Loading...
| Current Events | 1 | 10.00 | 100% | 0% | 0% |
| Fine Arts - Classical Music | 3 | 10.00 | 100% | 0% | 0% |
| Fine Arts - Other | 5 | 8.00 | 80% | 0% | 0% |
| Fine Arts - Painting and Sculpture | 3 | 20.00 | 100% | 67% | 33% |
| Geography | 1 | 20.00 | 0% | 100% | 100% |
| History - American | 5 | 18.00 | 100% | 60% | 20% |
| History - European | 4 | 12.50 | 100% | 25% | 0% |
| History - Other | 5 | 10.00 | 80% | 20% | 0% |
| History - World | 5 | 14.00 | 80% | 60% | 0% |
| Literature - American | 5 | 18.00 | 80% | 80% | 20% |
| Literature - British | 4 | 10.00 | 75% | 25% | 0% |
| Literature - European | 4 | 12.50 | 75% | 50% | 0% |
| Literature - World | 6 | 11.67 | 100% | 17% | 0% |
| Mythology | 4 | 15.00 | 100% | 50% | 0% |
| Philosophy | 3 | 13.33 | 100% | 33% | 0% |
| Pop Culture | 1 | 20.00 | 100% | 0% | 100% |
| Religion | 5 | 8.00 | 80% | 0% | 0% |
| Science - Biology | 7 | 11.43 | 100% | 14% | 0% |
| Science - Chemistry | 7 | 10.00 | 86% | 14% | 0% |
| Science - Other | 5 | 12.00 | 80% | 20% | 20% |
| Science - Physics | 6 | 11.67 | 100% | 17% | 0% |
| Social Science | 6 | 8.33 | 83% | 0% | 0% |